UBT Library

Marketing for financial advisors : (Record no. 540)

000 -LEADER
fixed length control field 00428nam a22001337a 4500
005 - DATE AND TIME OF LATEST TRANSACTION
control field 20160301063648.0
008 - FIXED-LENGTH DATA ELEMENTS--GENERAL INFORMATION
fixed length control field 150327b xxu||||| |||| 00| 0 eng d
020 ## - INTERNATIONAL STANDARD BOOK NUMBER
International Standard Book Number 9780071605144
020 ## - INTERNATIONAL STANDARD BOOK NUMBER
International Standard Book Number 0071605142
041 0# - LANGUAGE CODE
Language code of text/sound track or separate title eng
080 ## - UNIVERSAL DECIMAL CLASSIFICATION NUMBER
Universal Decimal Classification number 336
245 10 - TITLE STATEMENT
Title Marketing for financial advisors :
Statement of responsibility, etc Eric T. Bradlow, Keith E. Niedermeier, Patti Williams.
942 ## - ADDED ENTRY ELEMENTS (KOHA)
Source of classification or shelving scheme
Item type Books
Holdings
Withdrawn status Lost status Source of classification or shelving scheme Damaged status Not for loan Collection code Permanent location Current location Shelving location Date acquired Total Checkouts Full call number Barcode Date last seen Koha item type Price effective from
          Koleksioni i përgjithshem UBT - Lipjan UBT - Lipjan Koleksioni i përgjithshem 03/27/2015   336 BRA 002-008731 03/27/2015 Books  
          Koleksioni i përgjithshem UBT - Lipjan UBT - Lipjan Koleksioni i përgjithshem 02/16/2016   336 BRA 002-010838 02/16/2016 Books 02/16/2016
          Koleksioni i përgjithshem UBT - Lipjan UBT - Lipjan Koleksioni i përgjithshem 02/16/2016   336 BRA 002-018724 02/16/2016 Books 02/16/2016
          Koleksioni i përgjithshem UBT - Lipjan UBT - Lipjan Koleksioni i përgjithshem 02/16/2016   336 BRA 002-018725 02/16/2016 Books 02/16/2016
          Koleksioni i përgjithshem UBT - Lipjan UBT - Lipjan Koleksioni i përgjithshem 02/16/2016   336 BRA 002-018726 02/16/2016 Books 02/16/2016
          Koleksioni i përgjithshem UBT - Lipjan UBT - Lipjan Koleksioni i përgjithshem 02/16/2016   336 BRA 002-018727 02/16/2016 Books 02/16/2016
          Koleksioni i përgjithshem UBT - Lipjan UBT - Lipjan Koleksioni i përgjithshem 02/16/2016   336 BRA 002-018728 02/16/2016 Books 02/16/2016
          Koleksioni i përgjithshem UBT - Lipjan UBT - Lipjan Koleksioni i përgjithshem 02/16/2016   336 BRA 002-018729 02/16/2016 Books 02/16/2016
          Koleksioni i përgjithshem UBT - Lipjan UBT - Lipjan Koleksioni i përgjithshem 02/16/2016   336 BRA 002-018730 02/16/2016 Books 02/16/2016
          Koleksioni i përgjithshem UBT - Lipjan UBT - Lipjan Koleksioni i përgjithshem 02/16/2016   336 BRA 002-018731 02/16/2016 Books 02/16/2016
          Koleksioni i përgjithshem UBT - Lipjan UBT - Lipjan Koleksioni i përgjithshem 02/16/2016   336 BRA 002-018732 02/16/2016 Books 02/16/2016
          Koleksioni i përgjithshem UBT - Lipjan UBT - Lipjan Koleksioni i përgjithshem 02/16/2016   336 BRA 002-018733 02/16/2016 Books 02/16/2016
          Koleksioni i përgjithshem UBT - Lipjan UBT - Lipjan Koleksioni i përgjithshem 03/01/2016   336 BRA 002-021413 03/01/2016 Books 03/01/2016
          Koleksioni i përgjithshem UBT - Lipjan UBT - Lipjan Koleksioni i përgjithshem 03/01/2016   336 BRA 002-021414 03/01/2016 Books 03/01/2016
          Koleksioni i përgjithshem UBT - Lipjan UBT - Lipjan Koleksioni i përgjithshem 03/01/2016   336 BRA 002-021415 03/01/2016 Books 03/01/2016
          Koleksioni i përgjithshem UBT - Lipjan UBT - Lipjan Koleksioni i përgjithshem 03/01/2016   336 BRA 002-021416 03/01/2016 Books 03/01/2016
          Koleksioni i përgjithshem UBT - Lipjan UBT - Lipjan Koleksioni i përgjithshem 03/01/2016   336 BRA 002-021417 03/01/2016 Books 03/01/2016
          Koleksioni i përgjithshem UBT - Lipjan UBT - Lipjan Koleksioni i përgjithshem 03/01/2016   336 BRA 002-021418 03/01/2016 Books 03/01/2016
          Koleksioni i përgjithshem UBT - Lipjan UBT - Lipjan Koleksioni i përgjithshem 03/01/2016   336 BRA 002-021419 03/01/2016 Books 03/01/2016
          Koleksioni i përgjithshem UBT - Lipjan UBT - Lipjan Koleksioni i përgjithshem 03/01/2016   336 BRA 002-021420 03/01/2016 Books 03/01/2016
          Koleksioni i përgjithshem UBT - Lipjan UBT - Lipjan Koleksioni i përgjithshem 03/01/2016   336 BRA 002-021421 03/01/2016 Books 03/01/2016
          Koleksioni i përgjithshem UBT - Lipjan UBT - Lipjan Koleksioni i përgjithshem 03/01/2016   336 BRA 002-021422 03/01/2016 Books 03/01/2016
          Koleksioni i përgjithshem UBT - Lipjan UBT - Lipjan Koleksioni i përgjithshem 03/01/2016   336 BRA 002-021433 03/01/2016 Books 03/01/2016
          Koleksioni i përgjithshem UBT - Lipjan UBT - Lipjan Koleksioni i përgjithshem 03/01/2016   336 BRA 002-021434 03/01/2016 Books 03/01/2016
          Koleksioni i përgjithshem UBT - Lipjan UBT - Lipjan Koleksioni i përgjithshem 03/01/2016   336 BRA 002-021435 03/01/2016 Books 03/01/2016
          Koleksioni i përgjithshem UBT - Lipjan UBT - Lipjan Koleksioni i përgjithshem 03/01/2016   336 BRA 002-021436 03/01/2016 Books 03/01/2016
          Koleksioni i përgjithshem UBT - Lipjan UBT - Lipjan Koleksioni i përgjithshem 03/01/2016   336 BRA 002-021437 03/01/2016 Books 03/01/2016
          Koleksioni i përgjithshem UBT - Lipjan UBT - Lipjan Koleksioni i përgjithshem 03/01/2016   336 BRA 002-021438 03/01/2016 Books 03/01/2016
          Koleksioni i përgjithshem UBT - Lipjan UBT - Lipjan Koleksioni i përgjithshem 03/01/2016   336 BRA 002-021439 03/01/2016 Books 03/01/2016
          Koleksioni i përgjithshem UBT - Lipjan UBT - Lipjan Koleksioni i përgjithshem 03/01/2016   336 BRA 002-021440 03/01/2016 Books 03/01/2016
          Koleksioni i përgjithshem UBT - Lipjan UBT - Lipjan Koleksioni i përgjithshem 03/01/2016   336 BRA 002-021441 03/01/2016 Books 03/01/2016
          Koleksioni i përgjithshem UBT - Lipjan UBT - Lipjan Koleksioni i përgjithshem 03/01/2016   336 BRA 002-021442 03/01/2016 Books 03/01/2016
          Koleksioni i përgjithshem UBT - Lipjan UBT - Lipjan Koleksioni i përgjithshem 03/01/2016   336 BRA 002-021443 03/01/2016 Books 03/01/2016
          Koleksioni i përgjithshem UBT - Lipjan UBT - Lipjan Koleksioni i përgjithshem 03/01/2016   336 BRA 002-021444 03/01/2016 Books 03/01/2016
          Koleksioni i përgjithshem UBT - Lipjan UBT - Lipjan Koleksioni i përgjithshem 03/01/2016   336 BRA 002-021445 03/01/2016 Books 03/01/2016
          Koleksioni i përgjithshem UBT - Lipjan UBT - Lipjan Koleksioni i përgjithshem 03/01/2016   336 BRA 002-021446 03/01/2016 Books 03/01/2016
          Koleksioni i përgjithshem UBT - Lipjan UBT - Lipjan Koleksioni i përgjithshem 03/01/2016   336 BRA 002-021447 03/01/2016 Books 03/01/2016
          Koleksioni i përgjithshem UBT - Lipjan UBT - Lipjan Koleksioni i përgjithshem 03/01/2016   336 BRA 002-021448 03/01/2016 Books 03/01/2016
          Koleksioni i përgjithshem UBT - Lipjan UBT - Lipjan Koleksioni i përgjithshem 03/01/2016   336 BRA 002-021449 03/01/2016 Books 03/01/2016
          Koleksioni i përgjithshem UBT - Lipjan UBT - Lipjan Koleksioni i përgjithshem 03/01/2016   336 BRA 002-021450 03/01/2016 Books 03/01/2016
          Koleksioni i përgjithshem UBT - Lipjan UBT - Lipjan Koleksioni i përgjithshem 03/01/2016   336 BRA 002-021451 03/01/2016 Books 03/01/2016
          Koleksioni i përgjithshem UBT - Lipjan UBT - Lipjan Koleksioni i përgjithshem 03/01/2016   336 BRA 002-021452 03/01/2016 Books 03/01/2016
          Koleksioni i përgjithshem UBT - Lipjan UBT - Lipjan Koleksioni i përgjithshem 03/01/2016   336 BRA 002-021453 03/01/2016 Books 03/01/2016
          Koleksioni i përgjithshem UBT - Lipjan UBT - Lipjan Koleksioni i përgjithshem 03/01/2016   336 BRA 002-021454 03/01/2016 Books 03/01/2016
          Koleksioni i përgjithshem UBT - Lipjan UBT - Lipjan Koleksioni i përgjithshem 03/01/2016   336 BRA 002-021455 03/01/2016 Books 03/01/2016
          Koleksioni i përgjithshem UBT - Lipjan UBT - Lipjan Koleksioni i përgjithshem 03/01/2016   336 BRA 002-021456 03/01/2016 Books 03/01/2016
          Koleksioni i përgjithshem UBT - Lipjan UBT - Lipjan Koleksioni i përgjithshem 03/01/2016   336 BRA 002-021457 03/01/2016 Books 03/01/2016
          Koleksioni i përgjithshem UBT - Lipjan UBT - Lipjan Koleksioni i përgjithshem 03/01/2016   336 BRA 002-021458 03/01/2016 Books 03/01/2016
          Koleksioni i përgjithshem UBT - Lipjan UBT - Lipjan Koleksioni i përgjithshem 03/01/2016   336 BRA 002-021459 03/01/2016 Books 03/01/2016
          Koleksioni i përgjithshem UBT - Lipjan UBT - Lipjan Koleksioni i përgjithshem 03/01/2016   336 BRA 002-021460 03/01/2016 Books 03/01/2016
          Koleksioni i përgjithshem UBT - Lipjan UBT - Lipjan Koleksioni i përgjithshem 03/01/2016   336 BRA 002-021461 03/01/2016 Books 03/01/2016
          Koleksioni i përgjithshem UBT - Lipjan UBT - Lipjan Koleksioni i përgjithshem 03/01/2016   336 BRA 002-021462 03/01/2016 Books 03/01/2016
          Koleksioni i përgjithshem UBT - Lipjan UBT - Lipjan Koleksioni i përgjithshem 03/01/2016   336 BRA 002-021463 03/01/2016 Books 03/01/2016
          Koleksioni i përgjithshem UBT - Lipjan UBT - Lipjan Koleksioni i përgjithshem 03/01/2016   336 BRA 002-021464 03/01/2016 Books 03/01/2016
          Koleksioni i përgjithshem UBT - Lipjan UBT - Lipjan Koleksioni i përgjithshem 03/01/2016   336 BRA 002-021465 03/01/2016 Books 03/01/2016
          Koleksioni i përgjithshem UBT - Lipjan UBT - Lipjan Koleksioni i përgjithshem 03/01/2016   336 BRA 002-021466 03/01/2016 Books 03/01/2016
          Koleksioni i përgjithshem UBT - Lipjan UBT - Lipjan Koleksioni i përgjithshem 03/01/2016   336 BRA 002-021467 03/01/2016 Books 03/01/2016
          Koleksioni i përgjithshem UBT - Lipjan UBT - Lipjan Koleksioni i përgjithshem 03/01/2016   336 BRA 002-021468 03/01/2016 Books 03/01/2016
          Koleksioni i përgjithshem UBT - Lipjan UBT - Lipjan Koleksioni i përgjithshem 03/01/2016   336 BRA 002-021469 03/01/2016 Books 03/01/2016
          Koleksioni i përgjithshem UBT - Lipjan UBT - Lipjan Koleksioni i përgjithshem 03/01/2016   336 BRA 002-021470 03/01/2016 Books 03/01/2016
          Koleksioni i përgjithshem UBT - Lipjan UBT - Lipjan Koleksioni i përgjithshem 03/01/2016   336 BRA 002-021471 03/01/2016 Books 03/01/2016
          Koleksioni i përgjithshem UBT - Lipjan UBT - Lipjan Koleksioni i përgjithshem 03/01/2016   336 BRA 002-021472 03/01/2016 Books 03/01/2016
          Koleksioni i përgjithshem UBT - Lipjan UBT - Lipjan Koleksioni i përgjithshem 03/01/2016   336 BRA 002-021473 03/01/2016 Books 03/01/2016
          Koleksioni i përgjithshem UBT - Lipjan UBT - Lipjan Koleksioni i përgjithshem 03/01/2016   336 BRA 002-021474 03/01/2016 Books 03/01/2016
          Koleksioni i përgjithshem UBT - Lipjan UBT - Lipjan Koleksioni i përgjithshem 03/01/2016   336 BRA 002-021475 03/01/2016 Books 03/01/2016
          Koleksioni i përgjithshem UBT - Lipjan UBT - Lipjan Koleksioni i përgjithshem 03/01/2016   336 BRA 002-021476 03/01/2016 Books 03/01/2016
          Koleksioni i përgjithshem UBT - Lipjan UBT - Lipjan Koleksioni i përgjithshem 03/01/2016   336 BRA 002-021477 03/01/2016 Books 03/01/2016
          Koleksioni i përgjithshem UBT - Lipjan UBT - Lipjan Koleksioni i përgjithshem 03/01/2016   336 BRA 002-021478 03/01/2016 Books 03/01/2016
          Koleksioni i përgjithshem UBT - Lipjan UBT - Lipjan Koleksioni i përgjithshem 03/01/2016   336 BRA 002-021479 03/01/2016 Books 03/01/2016
          Koleksioni i përgjithshem UBT - Lipjan UBT - Lipjan Koleksioni i përgjithshem 03/01/2016   336 BRA 002-021480 03/01/2016 Books 03/01/2016
          Koleksioni i përgjithshem UBT - Lipjan UBT - Lipjan Koleksioni i përgjithshem 03/01/2016   336 BRA 002-021481 03/01/2016 Books 03/01/2016
          Koleksioni i përgjithshem UBT - Lipjan UBT - Lipjan Koleksioni i përgjithshem 03/01/2016   336 BRA 002-021482 03/01/2016 Books 03/01/2016
          Koleksioni i përgjithshem UBT - Lipjan UBT - Lipjan Koleksioni i përgjithshem 03/01/2016   336 BRA 002-021483 03/01/2016 Books 03/01/2016
          Koleksioni i përgjithshem UBT - Lipjan UBT - Lipjan Koleksioni i përgjithshem 03/01/2016   336 BRA 002-021484 03/01/2016 Books 03/01/2016
          Koleksioni i përgjithshem UBT - Lipjan UBT - Lipjan Koleksioni i përgjithshem 03/01/2016   336 BRA 002-021485 03/01/2016 Books 03/01/2016
          Koleksioni i përgjithshem UBT - Lipjan UBT - Lipjan Koleksioni i përgjithshem 03/01/2016   336 BRA 002-021486 03/01/2016 Books 03/01/2016
          Koleksioni i përgjithshem UBT - Lipjan UBT - Lipjan Koleksioni i përgjithshem 03/01/2016   336 BRA 002-021487 03/01/2016 Books 03/01/2016
          Koleksioni i përgjithshem UBT - Lipjan UBT - Lipjan Koleksioni i përgjithshem 03/01/2016   336 BRA 002-021488 03/01/2016 Books 03/01/2016
          Koleksioni i përgjithshem UBT - Lipjan UBT - Lipjan Koleksioni i përgjithshem 03/01/2016   336 BRA 002-021489 03/01/2016 Books 03/01/2016
          Koleksioni i përgjithshem UBT - Lipjan UBT - Lipjan Koleksioni i përgjithshem 03/01/2016   336 BRA 002-021490 03/01/2016 Books 03/01/2016
          Koleksioni i përgjithshem UBT - Lipjan UBT - Lipjan Koleksioni i përgjithshem 03/01/2016   336 BRA 002-021491 03/01/2016 Books 03/01/2016
          Koleksioni i përgjithshem UBT - Lipjan UBT - Lipjan Koleksioni i përgjithshem 03/01/2016   336 BRA 002-021492 03/01/2016 Books 03/01/2016
          Koleksioni i përgjithshem UBT - Lipjan UBT - Lipjan Koleksioni i përgjithshem 03/01/2016   336 BRA 002-021493 03/01/2016 Books 03/01/2016
          Koleksioni i përgjithshem UBT - Lipjan UBT - Lipjan Koleksioni i përgjithshem 03/01/2016   336 BRA 002-021494 03/01/2016 Books 03/01/2016
          Koleksioni i përgjithshem UBT - Lipjan UBT - Lipjan Koleksioni i përgjithshem 03/01/2016   336 BRA 002-021495 03/01/2016 Books 03/01/2016
          Koleksioni i përgjithshem UBT - Lipjan UBT - Lipjan Koleksioni i përgjithshem 03/01/2016   336 BRA 002-021496 03/01/2016 Books 03/01/2016
          Koleksioni i përgjithshem UBT - Lipjan UBT - Lipjan Koleksioni i përgjithshem 03/01/2016   336 BRA 002-021497 03/01/2016 Books 03/01/2016
          Koleksioni i përgjithshem UBT - Prishtine UBT - Prishtine Koleksioni i përgjithshem 05/27/2015   336 BRA   05/27/2015 Books 05/27/2015
UBT Library © 2015-2024. All rights reserved University Education for Business and Technology